Phishing and countermeasures understanding the increasing problem of electronic Identity Theft (Record no. 302943)
[ view plain ]
| 000 -LEADER | |
|---|---|
| fixed length control field | 00460 a2200145 4500 |
| 001 - CONTROL NUMBER | |
| control field | 67870 |
| 020 ## - INTERNATIONAL STANDARD BOOK NUMBER | |
| International Standard Book Number | 9780471782452 |
| 082 ## - DEWEY DECIMAL CLASSIFICATION NUMBER | |
| Classification number | 364.163 JAK |
| 090 ## - LOCALLY ASSIGNED LC-TYPE CALL NUMBER (OCLC); LOCAL CALL NUMBER (RLIN) | |
| -- | 38634 |
| -- | 38634 |
| 100 ## - MAIN ENTRY--PERSONAL NAME | |
| Personal name | Jakobsson,Markus |
| 245 ## - TITLE STATEMENT | |
| Title | Phishing and countermeasures understanding the increasing problem of electronic Identity Theft |
| Statement of responsibility, etc. | Markus Jakobsson and Steven Myers |
| 260 ## - PUBLICATION, DISTRIBUTION, ETC. | |
| Place of publication, distribution, etc. | Newyork |
| Name of publisher, distributor, etc. | Wiley |
| Date of publication, distribution, etc. | 2007 |
| 300 ## - PHYSICAL DESCRIPTION | |
| Extent | xxvi 700p |
| 600 ## - SUBJECT ADDED ENTRY--PERSONAL NAME | |
| Personal name | Markus Jakobsson and Steven Myers |
| 942 ## - ADDED ENTRY ELEMENTS (KOHA) | |
| Institution code [OBSOLETE] | caenust |
| Call number prefix | 364.163 JAK |
| Withdrawn status | Lost status | Damaged status | Not for loan | Collection code | Permanent Location | Current Location | Date acquired | Total Checkouts | Full call number | Barcode | Date last seen | Price effective from | Koha item type |
|---|---|---|---|---|---|---|---|---|---|---|---|---|---|
| College of Aeronautical Engineering (CAE) | College of Aeronautical Engineering (CAE) | 04/03/2017 | 364.163 JAK | CAE82064 | 04/05/2017 | 04/05/2017 | Book |
